Statistics for 欧盟国家Members in EU

Click here to take the quiz!

General Stats

  • This quiz has been taken 216 times
  • The average score is 24 of 27

Answer Stats

成员国% Correct
法国
100%
德国
99%
西班牙
97%
瑞典
96%
葡萄牙
96%
意大利
96%
芬兰
95%
立陶宛
91%
希腊
91%
奥地利
91%
比利时
90%
捷克
90%
荷兰
90%
波兰
90%
匈牙利
89%
丹麦
89%
斯洛伐克
89%
爱沙尼亚
88%
拉脱维亚
87%
克罗地亚
85%
卢森堡
85%
罗马尼亚
84%
斯洛文尼亚
83%
保加利亚
82%
爱尔兰
80%
马耳他
61%
塞浦路斯
59%

Score Distribution

Percentile by Number Answered

Percent of People with Each Score

Your Score History

You have not taken this quiz